Husavik lyrics - Statistics

General Stats
  • This quiz has been taken 4 times
  • The average score is 149 of 214
Answer Stats
Answer % Correct
and
100%
And
100%
be
100%
can
100%
Where
100%
for
100%
gentle
100%
heart
100%
home
100%
Húsavík
100%
I
100%
Í
100%
is
100%
it
100%
It
100%
it's
100%
just
100%
mountains
100%
my
100%
My
100%
of
100%
people
100%
screams
100%
se
100%
seagulls
100%
the
100%
to
100%
want
100%
whales
100%
where
100%
Where
100%
with
100%
all
75%
All
75%
away
75%
before
75%
but
75%
But
75%
cause
75%
All
75%
else
75%
hometown
75%
in
75%
know
75%
live
75%
me
75%
not
75%
sing
75%
someone
75%
stay
75%
þér
75%
they're
75%
was
75%
what
75%
world
75%
you
75%
You
75%
big
50%
billboards
50%
burst
50%
colors
50%
by
50%
do
50%
followed
50%
get
50%
great
50%
happy
50%
have
50%
lights
50%
magic
50%
meant
50%
myself
50%
need
50%
neon
50%
nights
50%
northern
50%
now
50%
others
50%
out
50%
pretend
50%
realize
50%
seen
50%
surpass
50%
tell
50%
that
50%
there
50%
this
50%
through
50%
too
50%
truth
50%
again
25%
always
25%
didn't
25%
feel
25%
heard
25%
let
25%
makes
25%
needed
25%
say
25%
tried
25%
we
25%
0%
clear
0%
ég
0%
eina
0%
er
0%
heimabærinn
0%
I'd
0%
I've
0%
made
0%
með
0%
minn
0%
sem
0%
Skjálfanda
0%
Það
0%
Thought
0%
þrái
0%
Vera
0%
vera
0%
við
0%
(want the world)
0%
No matching quizzes found
Score Distribution
Percent of People with Each Score
Percentile by Number Answered
Your Score History
You have not taken this quiz